000 00533nam a22001697a 4500
999 _c60685
_d60685
005 20231006165104.0
008 231006s1991 tu ||||| |||| 00| 0 tur d
041 _atur
080 _a902/904 G-92
100 _aGur, O. Selcuk
_920029
245 _aDaily Life in Ancient Times /
_cO. Selcuk Gur.
264 _aIstanbul,
_c1991.
300 _a78 p.:
_bill.;
_c24 cm.
653 _aყოველდღიური ცხოვრება ძველ დროში
653 _aარქეოლოგია
942 _2udc
_cBK